[Event "XVI Ugra Cup 2020"]
[Site "Khanty-Mansiysk"]
[Date "2020.12.07"]
[Round "8.6"]
[White "Demchenko, Anton"]
[Black "Zhukov, Anton"]
[Result "1-0"]
[WhiteElo "2626"]
[BlackElo "2233"]
[Annotator "TA"]
[PlyCount "136"]
[EventDate "2020.11.30"]
[EventType "swiss"]
[EventCountry "RUS"]
[SourceTitle "playchess.com"]
[Source "ChessBase"]
[SourceQuality "1"]

{[%evp 9,136,18,15,14,13,11,21,0,2,0,23,0,67,18,61,62,60,47,54,48,66,60,80,82,77,79,83,77,77,85,83,87,83,54,39,0,187,194,401,436,439,283,633,616,811,861,853,854,1324,1041,1525,1516,1504,1378,1303,822,684,202,202,204,214,218,211,205,220,194,237,188,235,244,235,226,225,203,316,287,282,283,367,247,441,302,320,320,378,286,539,539,520,500,685,685,833,817,804,789,1733,1767,1393,1373,1333,1337,1248,1268,1061,864,5385,4145,5568,5718,29982,29977,29974,29974,29975,29969,29977,29978,29986,29986,29986,29984,29984,29984,29984,29975,29993,29991,29995]} 1. e4 c5 2. Nf3 d6 3. d4 cxd4 4. Qxd4 Nc6 5. Qe3 Nf6 6. Be2 {B53: Sicilian: 2...d6: Lines with Qxd4.} g6 7. O-O Bg7 8. h3 {The position is equal.} O-O 9. Rd1 Bd7 10. c4 Rc8 ({Black should try} 10... Nb4 $11) 11. Bd2 Qc7 12. Nc3 {[#]} Qb8 $146 ({Predecessor:} 12... b6 13. Rac1 Qb7 14. b3 Rfd8 15. Nd5 Nxd5 16. exd5 Ne5 17. Nd4 Be8 18. Bc3 b5 19. cxb5 {1-0 (30) Demchenko,A (2679)-Linker,M (2269) Sochi 2018}) 13. Rac1 Rfd8 14. b3 Be8 15. Nd5 e6 16. Nxf6+ Bxf6 17. Qh6 {Threatens to win with Ng5.} Bg7 18. Qh4 f6 19. Bc3 $36 {[%mdl 2048] Black is under strong pressure.} e5 20. Nh2 h5 21. f4 Qc7 22. f5 Bh6 $2 {[#] White leaves nothing to chance now.} (22... gxf5 $1 $11 23. Bxh5 (23. exf5 Ne7 $15) 23... Bxh5 24. Qxh5 fxe4) 23. Ng4 $1 $18 {[%cal Rg4h6][%mdl 576] Double Attack, Pin} Bxc1 $2 (23... hxg4 24. Qxh6 gxh3) 24. Nxf6+ Kg7 {Hoping for ...Be3+.} 25. Nd5 Qf7 $2 (25... Be3+ 26. Nxe3 Qe7) 26. Rxc1 Bd7 27. Rf1 Rf8 28. Rf3 Kh8 29. Rg3 Bxf5 30. exf5 Qxf5 31. Bd3 Qf2+ 32. Kh2 Rf3 33. Qg5 $2 (33. Be1 Qxe1 34. gxf3 Qf2+ {[%mdl 64] Double Attack} 35. Kh1 Qe1+ 36. Kg2 Qd2+ 37. Kg1 Qxd3 38. Qf6+ Kh7 39. Qf7+ {[%mdl 64] Double Attack} Kh6 40. Nf6) 33... Qxg3+ 34. Qxg3 Rxg3 35. Kxg3 Kg7 36. Kf3 Rf8+ 37. Ke3 Rf7 38. b4 {[%cal Bb3b4,Bb4b5][%mdl 32]} b6 39. a4 Nd8 40. b5 Nb7 41. Be2 Nc5 (41... Kf8 {keeps fighting.} 42. Bb4 Kg7) 42. a5 bxa5 43. Bxa5 Rd7 44. h4 Kh6 $2 (44... Nb3) 45. g3 Nb3 46. Bc3 Rf7 47. Bd1 Nd4 $2 (47... Nc5 {was called for.} 48. Bc2 g5) 48. Bxd4 exd4+ 49. Kxd4 Rf1 50. Bc2 Rf3 51. Ne7 Rxg3 52. Bxg6 {Nf5+ is the strong threat.} Rg2 53. Be4 Rd2+ 54. Bd3 Kg7 55. Nf5+ {[%mdl 64] [#] Double Attack} Kf6 56. Nxd6 Ke6 57. Nf5 Kd7 58. c5 Rh2 59. Ke5 Kc7 60. Be4 {White mates.} Rb2 61. Nd4 Rh2 62. Nc6 Ra2 63. Nb4 Rb2 64. Nd5+ Kb8 65. Bd3 Rb3 66. Kd4 Rb2 67. c6 Rh2 68. Bf5 Rxh4+ {Accuracy: White = 72%, Black = 48%.} 1-0

[Event "XVI Ugra Cup 2020"]
[Site "Khanty-Mansiysk"]
[Date "2020.12.07"]
[Round "8.7"]
[White "Obgolts, Erik"]
[Black "Rozum, Ivan"]
[Result "1-0"]
[WhiteElo "2371"]
[BlackElo "2563"]
[Annotator "TA"]
[PlyCount "91"]
[EventDate "2020.11.30"]
[EventType "swiss"]
[EventCountry "RUS"]
[SourceTitle "playchess.com"]
[Source "ChessBase"]
[SourceQuality "1"]

{[%evp 11,91,18,40,8,11,0,0,0,9,0,15,-16,-9,-17,-17,-8,-10,-25,-14,-10,-16,-14,-4,-7,0,-50,-19,-14,-4,-20,0,0,0,-14,-10,-23,-15,-13,0,0,0,0,0,0,0,0,0,0,0,0,0,0,0,0,0,0,35,35,35,36,79,31,450,269,433,261,261,258,251,243,235,221,1688,1629,1102,681,541,451,402,241,29992,241]} 1. e4 c6 2. d4 d5 3. exd5 cxd5 4. Bd3 Nc6 5. c3 Qc7 6. h3 g6 7. Nf3 {B13: Caro-Kann: Exchange Variation and Panov-Botvinnik Attack.} Bf5 {7...Bf5 is better than 7...Bg7.} 8. Be2 Nf6 9. O-O {The position is equal.} e6 10. Re1 h5 {[#]} 11. c4 $146 ({Predecessor:} 11. Na3 a6 12. Qa4 O-O-O 13. Bg5 Be7 14. Rac1 Ne4 15. Bxe7 Qxe7 16. Bxa6 Kb8 17. Bb5 Rc8 18. Bxc6 Rxc6 19. Ne5 Ra6 20. Qxa6 {1-0 (20) Jaenig,R (2081)-Lange,K (2195) Bad Wiessee 2001}) 11... Bg7 12. Nc3 {White wants to play cxd5.} O-O 13. Nb5 Qb8 14. Bg5 Ne4 15. Be3 Rd8 16. cxd5 Rxd5 17. Nc3 Rd7 18. Qa4 Qd6 19. Bb5 Rc8 20. Rac1 Rdc7 21. Bxc6 Rxc6 22. Qxa7 Nxc3 23. Rxc3 Rxc3 24. bxc3 Qc6 25. Ne5 Bxe5 (25... Qxc3 $6 26. Rc1 $16) 26. dxe5 Be4 27. f3 Bxf3 28. gxf3 Qxf3 29. Qd4 Qg3+ 30. Kf1 Qf3+ 31. Kg1 Qg3+ 32. Kf1 Qf3+ 33. Kg1 {And now Kh2 would win.} Qxh3 34. Re2 {Strongly threatening Rf2.} Qg3+ 35. Rg2 Qe1+ 36. Kh2 {aiming for Bd2.} h4 $2 {[%mdl 8192] This move loses the game for Black.} ({Black should play} 36... Qxc3 $14 37. Qxc3 Rxc3) 37. Bf2 (37. Bh6 $142 {Qf4 is the strong threat.} Qf1 38. Rf2 (38. Qxh4 Qf5 $18)) 37... Qf1 $2 (37... Qxc3 38. Qxc3 (38. Qxh4 Qxe5+ 39. Bg3 Qf5 $11) 38... Rxc3 39. Bxh4 Ra3) 38. Qxh4 Rxc3 39. Qd8+ Kg7 40. Qf6+ $1 Kg8 {[#]} 41. Bh4 $1 Qc1 $2 (41... Qc4 42. Rf2 Qc7 43. Qd8+ Qxd8 44. Bxd8 b5) 42. Rf2 $18 Rc7 43. Qd8+ Kh7 44. Bf6 {[%csl Gf6][%cal Rd8h8]} Rc8 {[#]} 45. Qd2 (45. Qd7 $142 $1 Qe3 46. Qxf7+ (46. Qxc8 Qxf2+ {[%mdl 64] Double Attack} 47. Kh3 Qf3+ 48. Kh4 Qf2+ 49. Kh3 Qf3+ 50. Kh4 Qf2+ 51. Kg4 Qg2+ 52. Kf4 Qf2+ 53. Ke4 Qe2+ 54. Kf4 Qf2+ 55. Ke4 Qe2+ 56. Kf4 Qf2+ $11) 46... Kh6 47. Bg7+ Kh5 48. Rg2) 45... Qb1 $2 (45... Qxd2 $18 46. Rxd2 Kh6) 46. Qf4 $2 {Weighted Error Value: White=0.36/Black=0.57} (46. Rf3 {mates} Qf5 47. Rxf5 exf5 48. Kh1 g5 49. Qxg5 Rc1+ 50. Qxc1 f4 51. Qxf4 b6 52. Qg5 b5 53. Qg7#) 1-0

[Event "XVI Ugra Cup 2020"]
[Site "Khanty-Mansiysk"]
[Date "2020.12.07"]
[Round "8.8"]
[White "Tunik, Sergey"]
[Black "Schekachikhin, Maksim"]
[Result "1/2-1/2"]
[WhiteElo "2128"]
[BlackElo "2416"]
[Annotator "TA"]
[PlyCount "158"]
[EventDate "2020.11.30"]
[EventType "swiss"]
[EventCountry "RUS"]
[SourceTitle "playchess.com"]
[Source "ChessBase"]
[SourceQuality "1"]

{[%evp 21,158,0,0,0,0,0,0,0,7,0,0,-21,0,0,0,0,0,0,0,-14,16,-23,0,0,0,-25,-35,-27,-28,-31,-16,-22,-19,-28,-16,-72,-69,-106,-94,-111,-142,-112,0,-53,0,0,0,0,0,0,0,0,0,0,0,0,0,0,0,0,0,0,0,-22,-37,-27,-33,-68,-70,-65,-65,-65,-65,-128,-128,-128,-128,-128,-22,-128,-128,-128,-22,-270,-22,-22,-22,-22,-22,-22,-22,-465,-86,-86,-22,-22,-22,-22,-22,-22,0,-22,-22,-86,0,-29970,0,0,0,0,0,0,0,0,0,0,0,0,0,0,0,0,0,0,0,0,0,0,0,0,0,0,0,0,0,0,0,0,0]} 1. d4 Nf6 2. c4 b6 3. Nc3 Bb7 4. Nf3 e6 5. Bg5 h6 6. Bh4 Be7 7. e3 Ne4 8. Bxe7 Qxe7 9. Nxe4 Bxe4 10. Be2 O-O 11. O-O c5 12. Rc1 {E12: Queen's Indian: Unusual White 4th moves, 4 a3, 4 Nc3 Bb7 5 a3 and 4 Nc3 Bb7 .} Rd8 13. Nd2 Bb7 14. Bf3 d6 {[#]} 15. Bxb7 $146 ({Predecessor:} 15. Qe2 Nc6 {½-½ (15) Hort,V (2560)-Stohl,I (2560) Tilburg 1992}) 15... Qxb7 16. Qf3 Qxf3 (16... Nc6 {with more complications.} 17. dxc5 dxc5 18. Rcd1 Rd3 19. Ne4 Rad8) 17. Nxf3 Nc6 18. Rfd1 Kf8 19. Kf1 Ke7 20. e4 Rac8 21. Rc3 (21. d5 $5 {[%cal Rd5c6]} Ne5 22. Ke2 $11) 21... e5 22. dxe5 dxe5 23. Rcd3 (23. Rd5 {keeps more tension.} f6 24. Ra3 g6 25. Nd2 a5 26. Nb1) 23... Rxd3 24. Rxd3 $11 {[%mdl 4096] Endgame KRN-KRN} Ke6 25. Rd5 g5 26. h3 f6 27. b3 h5 28. g4 (28. Ng1 $11 {keeps the balance.}) 28... Rh8 $17 29. Ng1 Nd4 30. Ne2 hxg4 31. hxg4 Rh4 (31... Rh1+ $1 $17 32. Kg2 Ra1) 32. Rd8 $15 Nxe2 (32... Rxg4 $15 33. Re8+ Kf7) 33. Kxe2 $11 Rxg4 $15 {KR-KR} 34. Ke3 Rh4 35. Re8+ Kd6 36. Rd8+ Kc6 37. Rc8+ Kb7 38. Rf8 Rh3+ 39. Ke2 Rc3 40. Rf7+ Ka6 {Black wants to play ...Rc2+.} 41. Rxf6 Rc2+ {[%mdl 64] Double Attack} 42. Kd3 Rxa2 43. Rf7 g4 44. Kc3 Re2 45. Kd3 $1 {[%cal Rd3e2]} Rb2 46. Kc3 Rb1 47. Rg7 (47. Rf5 $15) 47... Rf1 $17 48. Rxg4 Rxf2 {aiming for ...Ka5.} 49. Rg7 Rf4 (49... Rf3+ $17 50. Kb2 Re3) 50. Kb2 (50. Re7 $1 $11) 50... Rxe4 51. Ka3 Re2 (51... Re3 $17 52. Rd7 e4) 52. Re7 $2 (52. b4 $1 $11 cxb4+ 53. Kxb4) 52... e4 $2 (52... b5 $1 $19 {[%cal Rb5b4] ( -> ...b4+)} 53. cxb5+ Kb6) 53. b4 $11 cxb4+ 54. Kxb4 e3 55. Kc3 Re1 56. Re5 $2 {[%mdl 8192]} (56. Kd3 $11 {and White has nothing to worry.}) 56... Rc1+ $2 (56... e2 $19 {and Black stays clearly on top. Threatens to win with ...Rc1+.} 57. Kd2 Rd1+ 58. Kxe2 Rd4) 57. Kd3 {[#]} Ra1 (57... Rd1+ $1 $17 58. Kc2 Rd7) 58. Re7 $1 Ra3+ 59. Kd4 Rb3 60. Rc7 Ra3 61. Re7 {Cut Off at move 61} Ra4 {...b5 is the strong threat.} 62. Kd5 {[#]} (62. Rxe3 $11 b5 63. Rc3) 62... Ka5 (62... Ra5+ $1 $17 63. Kd4 Rc5 64. Rxe3 Kb7) 63. Rxa7+ Kb4 64. Re7 {The position is equal.} Ra3 {And now ...Rd3+ would win.} 65. Re4 $1 Rd3+ 66. Kc6 Ka5 67. Re5+ $1 Kb4 68. Re4 Kc3 69. Kxb6 Kd2 70. c5 Rb3+ 71. Ka7 Rc3 (71... e2 {feels hotter.} 72. c6 Re3 73. Rxe3 Kxe3 74. c7 e1=Q) 72. Kb6 e2 {[#]} 73. Rxe2+ $1 {[%mdl 512]} Kxe2 {KR-KP} 74. c6 Kd3 75. c7 Kd4 76. Kb7 Rb3+ 77. Ka7 Rc3 78. Kb7 {[#]} Rxc7+ $1 {[%mdl 512]} 79. Kxc7 Ke5 {Weighted Error Value: White=0.36/Black=0.39} 1/2-1/2

[Event "XVI Ugra Cup 2020"]
[Site "Khanty-Mansiysk"]
[Date "2020.12.07"]
[Round "8.9"]
[White "Danilova, Rada"]
[Black "Vetokhin, Savva"]
[Result "0-1"]
[WhiteElo "2037"]
[BlackElo "2317"]
[Annotator "TA"]
[PlyCount "72"]
[EventDate "2020.11.30"]
[EventType "swiss"]
[EventCountry "RUS"]
[SourceTitle "playchess.com"]
[Source "ChessBase"]
[SourceQuality "1"]

{[%evp 13,72,8,7,0,20,-17,-34,-95,-91,-76,-79,-80,-80,-107,-124,-150,-156,-151,-158,-158,-154,-204,-177,-180,-165,-174,-163,-158,-163,-156,-157,-142,-85,-191,-170,-447,-459,-443,-460,-458,-435,-456,-432,-478,-476,-534,-527,-527,-517,-502,-469,-469,-462,-462,-462,-454,-447,-447,-427,-505,-403]} 1. d4 Nf6 2. c4 e6 3. Nf3 d5 4. Nc3 dxc4 5. e3 a6 6. Bxc4 b5 7. Bb3 Bb7 8. O-O {D26: Queen's Gambit Accepted: 4 e3 e6 5 Bxc5 c5 sidelines.} Be7 {[#]} 9. a4 $146 ({Predecessor:} 9. a3 c5 10. dxc5 Qxd1 11. Rxd1 Nbd7 12. Bc2 Nxc5 13. b4 Ncd7 14. Bb2 O-O 15. Bb3 Nb6 {½-½ (24) Bajarani,U (2485)-Magalashvili,D (2485) Konya 2019}) 9... b4 10. Na2 ({White should try} 10. Ne2 $15) 10... O-O $17 11. Qe2 a5 12. Rd1 Nbd7 13. Bc4 Nb6 14. b3 Nxc4 15. Qxc4 Bd6 16. Qe2 Ne4 17. Bd2 Qf6 18. Nc1 Qh6 {aiming for ...Ng5.} 19. h3 Qh5 20. Ne5 Qxe2 21. Nxe2 Bxe5 22. dxe5 Bd5 (22... Rfd8 $142 23. Be1 Nc5 24. Rxd8+ Rxd8) 23. Rab1 {[#]} (23. Nc1 $17) 23... Rfd8 $1 $36 {[%mdl 2048] ...Bxb3! is the strong threat. Black has strong initiative.} 24. f3 $2 {[#]} (24. Be1 Nc5 25. Nf4) 24... Bxb3 $1 {[%mdl 576] Double Attack. Black is clearly winning.} 25. fxe4 (25. Rxb3 Nxd2) 25... Bxa4 26. Rdc1 Rxd2 27. Nd4 Be8 28. Rxc7 a4 29. Rxb4 Rd1+ 30. Kf2 a3 {And now ...a2 would win.} 31. Nb3 a2 {White must now prevent ...Rb1.} 32. Rbb7 a1=Q 33. Nxa1 Rdxa1 34. Kg3 Rd8 35. Kg4 Rad1 36. Re7 Kf8 {Weighted Error Value: White=0.29/Black=0.06} 0-1

[Event "XVI Ugra Cup 2020"]
[Site "Khanty-Mansiysk"]
[Date "2020.12.07"]
[Round "8.10"]
[White "Vladislav, Dudarev"]
[Black "Maltsevskaya, Aleksandra"]
[Result "0-1"]
[WhiteElo "2042"]
[BlackElo "2248"]
[Annotator "RC"]
[PlyCount "222"]
[EventDate "2020.11.30"]
[EventType "swiss"]
[EventCountry "RUS"]
[SourceTitle "playchess.com"]
[Source "ChessBase"]
[SourceQuality "1"]
[TimeControl "5400+30"]

1. d4 {[%emt 0:00:00]} Nf6 {[%emt 0:00:00]} 2. c4 {[%emt 0:00:00]} c5 {[%emt 0:00:00]} 3. Nf3 {[%emt 0:00:09]} cxd4 {[%emt 0:05:33]} 4. Nxd4 {[%emt 0:00:03]} Nc6 {[%emt 0:00:07]} 5. Nc3 {[%emt 0:00:23]} Qb6 {[%emt 0:02:53]} 6. Ndb5 {[%emt 0:11:36]} a6 {[%emt 0:09:34]} 7. Na4 {[%emt 0:10:07]} Qd8 {[%emt 0:00:09]} 8. Be3 {[%emt 0:01:26]} axb5 {[%emt 0:00:18]} 9. Bb6 {[%emt 0:00:19]} bxa4 {[%emt 0:00:04]} 10. Bxd8 {[%emt 0:00:09]} Nxd8 {[%emt 0:00:04]} 11. b4 {[%emt 0:18:34]} g6 {[%emt 0:08:41]} 12. f3 {[%emt 0:02:48]} Bg7 {[%emt 0:01:13]} 13. Rb1 {[%emt 0:01:37]} O-O {[%emt 0:01:02]} 14. g4 {[%emt 0:06:59]} e5 {[%emt 0:04:20]} 15. e3 {[%emt 0:05:23]} Ne6 {[%emt 0:00:39]} 16. Bg2 {[%emt 0:06:33]} Rd8 {[%emt 0:00:55]} 17. c5 {[%emt 0:08:09]} d6 {[%emt 0:00:17]} 18. cxd6 {[%emt 0:04:20]} Ra6 {[%emt 0:00:07]} 19. O-O {[%emt 0:01:36]} Raxd6 {[%emt 0:00:47]} 20. Qxa4 {[%emt 0:01:50]} Nd5 {[%emt 0:00:08]} 21. Qb3 {[%emt 0:01:34]} Bh6 {[%emt 0:02:35]} 22. Rfe1 {[%emt 0:09:09]} Bg5 {[%emt 0:06:05]} 23. Rbc1 {[%emt 0:01:21]} Nb6 {[%emt 0:02:30]} 24. Bf1 {[%emt 0:05:24]} Nd5 {[%emt 0:18:14]} 25. Bc4 {[%emt 0:00:32]} Nf6 {[%emt 0:00:20]} 26. h3 {[%emt 0:01:55]} b6 {[%emt 0:00:08]} 27. Kg2 {[%emt 0:01:02]} Bb7 {[%emt 0:00:22]} 28. Rcd1 {[%emt 0:00:18]} Rd2+ {[%emt 0:01:41]} 29. Rxd2 {[%emt 0:00:24]} Rxd2+ {[%emt 0:00:05]} 30. Re2 {[%emt 0:00:30]} Rxe2+ {[%emt 0:01:04]} 31. Bxe2 Nd5 {[%emt 0:00:06]} 32. Qa4 {[%emt 0:01:14]} Nxe3+ {[%emt 0:08:25]} 33. Kf2 {[%emt 0:00:33]} Bd5 {[%emt 0:02:09]} 34. Qe8+ {[%emt 0:00:26]} Kg7 {[%emt 0:00:07]} 35. Qb8 {[%emt 0:00:09]} Bf4 {[%emt 0:01:07]} 36. Qxb6 {[%emt 0:00:39]} Bxa2 {[%emt 0:01:28]} 37. b5 {[%emt 0:00:21]} Nd4 {[%emt 0:00:48]} 38. Qa5 {[%emt 0:00:55]} Nxe2 {[%emt 0:03:21]} 39. Qxa2 {[%emt 0:00:29]} Nc3 {[%emt 0:00:29]} 40. Qb3 {[%emt 0:00:27]} Ned5 {[%emt 0:00:06]} 41. Kg2 {[%emt 0:00:33]} Be3 {[%emt 0:00:08]} 42. Qc4 {[%emt 0:00:24]} Bd4 {[%emt 0:00:22]} 43. Qc6 {[%emt 0:00:21]} h6 {[%emt 0:02:08]} 44. h4 {[%emt 0:00:06]} Nb6 {[%emt 0:01:16]} 45. g5 {[%emt 0:00:50]} hxg5 {[%emt 0:00:30]} 46. hxg5 {[%emt 0:00:08]} Ncd5 {[%emt 0:00:04]} 47. Kh1 {[%emt 0:00:42]} Be3 {[%emt 0:00:14]} 48. Qd6 {[%emt 0:00:41]} Bf4 {[%emt 0:00:06]} 49. Qd8 {[%emt 0:00:13]} Bd2 {[%emt 0:01:02]} 50. Qd6 {[%emt 0:00:08]} Bxg5 {[%emt 0:00:50]} 51. Qxe5+ {[%emt 0:00:08]} Bf6 {[%emt 0:01:45]} 52. Qd6 {[%emt 0:00:10]} Bd4 {[%emt 0:00:10]} 53. Qd8 {[%emt 0:00:28]} Be5 {[%emt 0:00:44]} 54. Qe8 {[%emt 0:00:58]} Bf4 {[%emt 0:00:36]} 55. Qd8 {[%emt 0:00:08]} Bc7 {[%emt 0:00:11]} 56. Qg5 {[%emt 0:00:37]} Kf8 {[%emt 0:00:21]} 57. Qc1 {[%emt 0:01:02]} Ke7 {[%emt 0:00:25]} 58. Qc6 {[%emt 0:00:10]} Bd6 {[%emt 0:00:06]} 59. Qb7+ {[%emt 0:00:17]} Ke6 {[%emt 0:00:07]} 60. Qc6 {[%emt 0:00:07]} g5 {[%emt 0:01:41]} 61. Qb7 {[%emt 0:00:23]} f5 {[%emt 0:00:57]} 62. Qg7 {[%emt 0:00:23]} Be7 {[%emt 0:00:04]} 63. Qg8+ {[%emt 0:00:15]} Ke5 {[%emt 0:00:16]} 64. Qb8+ {[%emt 0:01:02]} Kd4 {[%emt 0:00:29]} 65. Qh8+ {[%emt 0:00:51]} Bf6 {[%emt 0:01:23]} 66. Qe8 {[%emt 0:01:01]} f4 {[%emt 0:05:38]} 67. Qe6 {[%emt 0:00:28]} Kc4 {[%emt 0:00:48]} 68. Qc6+ {[%emt 0:00:16]} Kd3 {[%emt 0:00:07]} 69. Qe6 {[%emt 0:00:09]} Kd4 {[%emt 0:00:30]} 70. Kh2 {[%emt 0:00:36]} Be7 {[%emt 0:00:30]} 71. Kh1 {[%emt 0:00:25]} Kc4 {[%emt 0:00:54]} 72. Qc6+ {[%emt 0:00:23]} Bc5 {[%emt 0:00:05]} 73. Qe8 {[%emt 0:00:41]} Bd4 {[%emt 0:00:48]} 74. Qc6+ {[%emt 0:00:23]} Kd3 {[%emt 0:01:28]} 75. Qe6 {[%emt 0:00:42]} Kd2 {[%emt 0:01:53]} 76. Qe4 {[%emt 0:00:37]} Be3 {[%emt 0:00:22]} 77. Kg2 {[%emt 0:00:29]} Ke2 {[%emt 0:01:09]} 78. Qe5 {[%emt 0:00:55]} g4 {[%emt 0:01:48]} 79. fxg4 {[%emt 0:01:21]} f3+ {[%emt 0:00:05]} 80. Kg3 {[%emt 0:00:06]} f2 {[%emt 0:05:18]} 81. Qb2+ {[%emt 0:00:11]} Bd2 {[%emt 0:00:07]} 82. Qxd2+ {[%emt 0:00:09]} Kxd2 {[%emt 0:00:04]} 83. Kxf2 {[%emt 0:00:05]} Kd3 {[%emt 0:00:11]} 84. g5 {[%emt 0:00:13]} Ne7 {[%emt 0:00:27]} 85. g6 {[%emt 0:00:11]} Nxg6 {[%emt 0:00:04]} 86. Kf3 {[%emt 0:00:28]} Kd4 {[%emt 0:00:08]} 87. Kf2 {[%emt 0:00:46]} Ne5 {[%emt 0:00:31]} 88. Kg3 {[%emt 0:00:13]} Ke3 {[%emt 0:00:11]} 89. Kg2 {[%emt 0:00:12]} Ng4 {[%emt 0:01:06]} 90. Kg3 {[%emt 0:00:06]} Nf6 {[%emt 0:00:04]} 91. Kg2 {[%emt 0:00:09]} Ne4 {[%emt 0:00:41]} 92. Kh3 {[%emt 0:00:14]} Kf4 {[%emt 0:00:16]} 93. Kh4 {[%emt 0:00:37]} Ng5 {[%emt 0:02:33]} 94. Kh5 {[%emt 0:00:05]} Nf3 {[%emt 0:01:00]} 95. Kg6 {[%emt 0:00:09]} Ke5 {[%emt 0:00:04]} 96. Kf7 {[%emt 0:00:43]} Nh4 {[%emt 0:00:53]} 97. Kg7 {[%emt 0:00:11]} Ke6 {[%emt 0:01:01]} 98. Kh6 {[%emt 0:00:29]} Kf5 {[%emt 0:00:05]} 99. Kg7 {[%emt 0:00:05]} Ng6 {[%emt 0:00:32]} 100. Kh6 {[%emt 0:00:24]} Nf4 {[%emt 0:00:56]} 101. Kg7 {[%emt 0:00:06]} Ke6 {[%emt 0:00:03]} 102. Kh6 {[%emt 0:00:14]} Kf6 {[%emt 0:00:06]} 103. Kh7 {[%emt 0:00:04]} Ne6 {[%emt 0:00:13]} 104. Kh6 {[%emt 0:00:05]} Ng7 {[%emt 0:00:03]} 105. Kh7 {[%emt 0:00:04]} Nf5 {[%emt 0:00:08]} 106. Kg8 {[%emt 0:00:06]} Ke7 {[%emt 0:00:10]} 107. Kh8 {[%emt 0:00:13]} Kf7 {[%emt 0:00:07]} 108. Kh7 {[%emt 0:00:07]} Nd7 {[%emt 0:00:34]} 109. b6 {[%emt 0:00:07]} Nf6+ {[%emt 0:00:03]} 110. Kh8 {[%emt 0:00:10]} Ne7 {[%emt 0:00:04]} 111. b7 {[%emt 0:00:04]} Ng6# {[%emt 0:00:03]} 0-1

[Event "XVI Ugra Cup 2020"]
[Site "Khanty-Mansiysk"]
[Date "2020.12.08"]
[Round "9.1"]
[White "Sarana, Alexey"]
[Black "Demchenko, Anton"]
[Result "1/2-1/2"]
[WhiteElo "2636"]
[BlackElo "2626"]
[Annotator "TA"]
[PlyCount "26"]
[EventDate "2020.11.30"]
[EventType "swiss"]
[EventCountry "RUS"]
[SourceTitle "playchess.com"]
[Source "ChessBase"]
[SourceQuality "1"]

{[%evp 16,26,0,0,0,0,0,0,0,0,0,0,0]} 1. e4 e5 2. Nf3 Nc6 3. Bb5 a6 4. Ba4 d6 5. d4 b5 6. Bb3 Nxd4 7. Nxd4 exd4 8. c3 dxc3 {[#]} 9. Qd5 $1 {[%csl Gb3][%cal Rd5f7][%mdl 512] The position is equal. is the legacy move (9.Nxc3).} Be6 {C71: Ruy Lopez: Deferred Steinitz Variation, sidelines.} 10. Qc6+ {[%mdl 64] Double Attack} Bd7 11. Qd5 {[%csl Gb3][%cal Rd5f7]} Be6 12. Qc6+ {[%mdl 64] [#] Double Attack} Bd7 $146 ({Predecessor:} 12... Ke7 13. Nxc3 Nf6 14. e5 dxe5 15. Be3 Nd7 16. Bg5+ Nf6 17. Rd1 Bd7 18. Nd5+ Ke8 19. Nxc7+ Ke7 20. Qd6# {1-0 (20) Koskinen,A-Harju,A Finland 1986}) 13. Qd5 {[%csl Gb3][%cal Rd5f7] [#]} Be6 {A rather calm draw. Not enough moves} 1/2-1/2

[Event "XVI Ugra Cup 2020"]
[Site "Khanty-Mansiysk"]
[Date "2020.12.08"]
[Round "9.2"]
[White "Zvjaginsev, Vadim"]
[Black "Bocharov, Dmitry"]
[Result "1/2-1/2"]
[WhiteElo "2602"]
[BlackElo "2528"]
[Annotator "ChessBase"]
[PlyCount "21"]
[EventDate "2020.11.30"]
[EventType "swiss"]
[EventCountry "RUS"]
[SourceTitle "playchess.com"]
[Source "ChessBase"]
[SourceQuality "1"]
[TimeControl "5400+30"]

1. e4 {[%emt 0:00:00]} e5 {[%emt 0:07:06]} 2. Nf3 {[%emt 0:00:00]} Nc6 {[%emt 0:00:20]} 3. Bb5 {[%emt 0:00:00]} Nf6 {[%emt 0:00:33]} 4. O-O {[%emt 0:00:10]} Nxe4 {[%emt 0:00:20]} 5. Qe2 {[%emt 0:00:32]} Nd6 {[%emt 0:00:26]} 6. Bxc6 {[%emt 0:00:22]} dxc6 {[%emt 0:00:19]} 7. Qxe5+ {[%emt 0:00:19]} Qe7 {[%emt 0:00:17]} 8. Qa5 {[%emt 0:00:38]} Qd8 {[%emt 0:01:14]} 9. Qe5+ {[%emt 0:00:31]} Qe7 {[%emt 0:00:12]} 10. Qa5 {[%emt 0:00:22]} Qd8 {[%emt 0:00:13]} 11. Qe5+ {[%emt 0:00:11]} 1/2-1/2

[Event "XVI Ugra Cup 2020"]
[Site "Khanty-Mansiysk"]
[Date "2020.12.08"]
[Round "9.3"]
[White "Savchenko, Boris"]
[Black "Bocharov, Ivan"]
[Result "1/2-1/2"]
[WhiteElo "2551"]
[BlackElo "2559"]
[Annotator "ChessBase"]
[PlyCount "80"]
[EventDate "2020.11.30"]
[EventType "swiss"]
[EventCountry "RUS"]
[SourceTitle "playchess.com"]
[Source "ChessBase"]
[SourceQuality "1"]
[TimeControl "5400+30"]

1. e4 {[%emt 0:13:23]} c6 {[%emt 0:00:00]} 2. d4 {[%emt 0:00:39]} d5 {[%emt 0:00:00]} 3. exd5 {[%emt 0:01:53]} cxd5 {[%emt 0:00:00]} 4. Bd3 {[%emt 0:00:08]} Nc6 {[%emt 0:00:00]} 5. c3 {[%emt 0:00:13]} Nf6 {[%emt 0:00:07]} 6. Bf4 {[%emt 0:00:18]} Bg4 {[%emt 0:00:27]} 7. Qb3 {[%emt 0:00:17]} e5 {[%emt 0:00:02]} 8. h3 {[%emt 0:00:16]} Na5 {[%emt 0:00:36]} 9. Qc2 {[%emt 0:00:47]} exf4 {[%emt 0:00:48]} 10. hxg4 {[%emt 0:00:09]} Nxg4 {[%emt 0:00:10]} 11. Qe2+ {[%emt 0:08:37]} Qe7 {[%emt 0:00:11]} 12. Nh3 {[%emt 0:00:30]} f3 {[%emt 0:00:02]} 13. gxf3 {[%emt 0:00:27]} Qxe2+ {[%emt 0:03:24]} 14. Kxe2 {[%emt 0:02:58]} Nf6 {[%emt 0:00:01]} 15. Nd2 {[%emt 0:00:56]} Bd6 {[%emt 0:00:23]} 16. f4 {[%emt 0:22:03]} O-O {[%emt 0:04:23]} 17. a4 {[%emt 0:09:17]} Rfe8+ {[%emt 0:18:12]} 18. Kf3 {[%emt 0:03:17]} Nc6 {[%emt 0:01:26]} 19. Nf1 {[%emt 0:01:14]} Ne7 {[%emt 0:01:31]} 20. Ne3 {[%emt 0:04:34]} Ng6 {[%emt 0:01:27]} 21. Rag1 {[%emt 0:05:12]} Rad8 {[%emt 0:14:03]} 22. Ng5 {[%emt 0:14:30]} Bxf4 {[%emt 0:12:43]} 23. Nxf7 {[%emt 0:00:56]} Kxf7 {[%emt 0:01:52]} 24. Bxg6+ {[%emt 0:01:45]} hxg6 {[%emt 0:00:01]} 25. Kxf4 {[%emt 0:00:07]} Rd6 {[%emt 0:00:21]} 26. Kf3 {[%emt 0:03:11]} Ne4 {[%emt 0:03:57]} 27. Ng4 {[%emt 0:02:19]} Rb6 {[%emt 0:00:44]} 28. Ne5+ Kg8 29. Nd3 {[%emt 0:03:46]} Rf6+ {[%emt 0:02:56]} 30. Kg2 {[%emt 0:00:06]} Ref8 {[%emt 0:00:01]} 31. f4 {[%emt 0:00:10]} g5 {[%emt 0:00:03]} 32. Kf3 {[%emt 0:00:35]} gxf4 {[%emt 0:00:33]} 33. Rh5 {[%emt 0:00:13]} Rf5 {[%emt 0:09:29]} 34. Rxf5 {[%emt 0:00:01]} Rxf5 {[%emt 0:00:00]} 35. c4 {[%emt 0:00:01]} Nd2+ {[%emt 0:00:45]} 36. Kg4 {[%emt 0:00:07]} Rf6 {[%emt 0:00:04]} 37. Nxf4 {[%emt 0:00:17]} Nxc4 {[%emt 0:00:24]} 38. Re1 {[%emt 0:00:40]} Nxb2 {[%emt 0:00:53]} 39. Rb1 {[%emt 0:00:35]} Nxa4 {[%emt 0:03:37]} 40. Rxb7 {[%emt 0:00:09]} Rf7 {[%emt 0:01:01]} 1/2-1/2